English Football in the 1990s - Statistics

General Stats
  • This quiz has been taken 363 times
    263 since last reset
  • The average score is 62 of 82
Answer Stats
Hint Answer % Correct
1992/93 Manchester United
99%
1993/94 Manchester United
99%
1995/96 Manchester United
99%
1996/97 Manchester United
99%
1998/99 Manchester United
99%
FA Cup Manchester United
99%
FA Cup Manchester United
99%
FA Cup Manchester United
99%
FA Cup Manchester United
99%
League Cup Manchester United
99%
Manchester United
99%
Charity Shield Manchester United
99%
Charity Shield Manchester United
99%
Charity Shield Manchester United
99%
Charity Shield Manchester United
99%
1989/90 Liverpool
98%
FA Cup Liverpool
98%
League Cup Liverpool
98%
Charity Shield Liverpool
98%
Charity Shield Liverpool
98%
1990/91 Arsenal
97%
1997/98 Arsenal
97%
FA Cup Arsenal
97%
FA Cup Arsenal
97%
League Cup Arsenal
97%
Charity Shield Arsenal
97%
Charity Shield Arsenal
97%
1994/95 Blackburn Rovers
94%
FA Cup Chelsea
93%
League Cup Chelsea
93%
1991/92 Leeds United
93%
Second Tier Leeds United
93%
Charity Shield Leeds United
93%
FA Cup Tottenham Hotspur
89%
League Cup Tottenham Hotspur
89%
Tottenham Hotspur
89%
FA Cup Everton
86%
Charity Shield Everton
86%
Second Tier Newcastle United
84%
League Cup Aston Villa
83%
League Cup Aston Villa
83%
League Cup Leicester City
80%
Second Tier Nottingham Forest
80%
League Cup Nottingham Forest
80%
Second Tier Sunderland
78%
Second Tier Sunderland
78%
League Cup Sheffield Wednesday
74%
Football League Trophy Swansea City
70%
Second Tier Bolton Wanderers
68%
Fourth Tier Cardiff City
68%
Second Tier Ipswich Town
68%
Second Tier Crystal Palace
67%
Second Tier Middlesbrough
67%
Third Tier Birmingham City
64%
Football League Trophy Birmingham City
64%
Football League Trophy Birmingham City
64%
Fourth Tier Burnley
63%
Third Tier Fulham
60%
Third Tier Reading
60%
Third Tier Watford
60%
Fourth Tier Wigan Athletic
60%
Football League Trophy Wigan Athletic
60%
Third Tier Stoke City
59%
Football League Trophy Stoke City
59%
Third Tier Swindon Town
59%
Second Tier Oldham Athletic
56%
Third Tier Brentford
52%
Fourth Tier Brentford
52%
Fourth Tier Preston North End
51%
Fourth Tier Notts County
47%
Third Tier Bristol Rovers
43%
Football League Trophy Tranmere Rovers
42%
Football League Trophy Rotherham United
40%
Third Tier Bury
39%
Third Tier Cambridge United
39%
Football League Trophy Grimsby Town
37%
Football League Trophy Port Vale
35%
Fourth Tier Exeter City
34%
Fourth Tier Carlisle United
33%
Football League Trophy Carlisle United
33%
Fourth Tier Shrewsbury Town
26%
Fourth Tier Darlington
20%
No matching quizzes found
Score Distribution
Percent of People with Each Score
Percentile by Number Answered
Your Score History
You have not taken this quiz since the last reset